Surviving stress

Bibliographic Details
Main Author: Malone, Samuel A
Corporate Author: Title
Format: Book
Published: Ireland : Indiana Publishing House , 2006
Subjects:

MARC

LEADER 00000cam a2200000 7i4500
001 0000012518
005 20071219.0
008 071219
020 |a 8184080573 
090 0 0 |a 155.9042   |b MAL 
100 1 |a Malone, Samuel A 
245 1 0 |a Surviving stress   |a guide for managers & employees   |c Samuel A. Malone 
260 |a Ireland :   |b Indiana Publishing House ,   |c 2006 
650 0 |a English fiction 
650 0 |a Stress (Psychology)   |x Health aspects 
650 0 |a Stress (Psychology)   |x Prevention 
650 0 |a Stress management 
710 0 |a Title 
999 |a 0001003641   |b Book   |c Adult Collection   |e Perbadanan Perpustakaan Awam Johor